000 00758nam a2200229Ia 4500
001 22108
005 20260416153040.0
008 260320s9999||||xx |||||||||||||| ||und||
020 _a9786123226596
041 _aESP
082 _a345.723
_bS45
100 _aSevilla Agurto, Percy Howell,
_eAUT
245 0 _aEl proceso de ejecución
250 _aPrimera edición
260 _aLima :
_bInstituto Pacífico,
_c2026
300 _a574 páginas :
_bmapas ;
_c25 cm.
650 _aCIS
653 _aDerecho procesal civil; Proceso ejecutivo
654 _aDER
856 _uhttps://0u214t5f7-y-https-app-vlex-com.itmsp.museknowledge.com/search/jurisdiction:PE/el+proceso+de+ejecuci%C3%B3n
_zVéase además: Base de datos Vlex
942 _cLIB
_dJUS
_fMIP
_2ddc
999 _c22108
_d22108